000 00325nam a22001337a 4500
008 250307b |||||||| |||| 00| 0 eng d
020 _a978-934-8179-043
100 _aC K Takwani
245 _aLectures on Administrative Law 8th Ed.
250 _a8th Ed.
260 _aDelhi
_bEBC
_c2025
300 _a825
942 _2ddc
_cBK
999 _c21281
_d21281